A bond with nature: (Record no. 57338)

MARC details
000 -LEADER
fixed length control field 00717nam a22002057a 4500
005 - DATE AND TIME OF LATEST TRANSACTION
control field 20111007102240.0
010 ## - LCCN (DPL NO)
LC control number G-001734
020 ## - INTERNATIONAL STANDARD BOOK NUMBER
Terms of availability 199.90
International Standard Book Number 8183321399
035 1d - SYSTEM CONTROL NUMBER
System control number G-001674
037 ## - SOURCE OF ACQUISITION
Source of stock number/acquisition Gift
082 ## - DEWEY DECIMAL CLASSIFICATION NUMBER
Classification number S
100 ## - MAIN ENTRY--PERSONAL NAME
Personal name Bond, Ruskin
245 E# - TITLE STATEMENT
Title A bond with nature:
Statement of responsibility, etc by Rusking Bond
Remainder of title nature omnibus /
260 ## - PUBLICATION, DISTRIBUTION, ETC. (IMPRINT)
Place of publication, distribution, etc Delhi
Name of publisher, distributor, etc Ratna Sagar
Date of publication, distribution, etc 2007
270 ## - ADDRESS
Address Virat Bhavan, Mukherjee Nagar Commerical Complex
City Delhi
Postal code 110009
300 ## - PHYSICAL DESCRIPTION
Extent 224p.
Dimensions 21cm(pbk)
Other physical details ill.
942 ## - ADDED ENTRY ELEMENTS (KOHA)
Source of classification or shelving scheme Dewey Decimal Classification
Item type Children Books
Classification part S
Call number suffix BON
Holdings
Withdrawn status Lost status Not for loan Collection code Home library Current library Date acquired Source of acquisition Cost, normal purchase price Full call number Barcode Copy number Cost, replacement price Koha item type
      Fiction Janak Puri Janak Puri 07/10/2011 gift 199.90 S BON G-001734 1 199.90 Children Books

© Delhi Public Library
Hit Counter
free hit counter